[Event "Ankara Ipek Memorial 8th"]
[Site "Ankara"]
[Date "2020.03.08"]
[Round "6"]
[White "Caberoglu, Arda"]
[Black "Ergani, Efe"]
[Result "1/2-1/2"]
[WhiteElo "1784"]
[BlackElo "1668"]
[PlyCount "96"]
[EventDate "2020.03.04"]
[EventType "swiss"]
[EventRounds "7"]
[EventCountry "TUR"]
[SourceTitle "CBM 195 Extra"]
[Source "ChessBase"]
[SourceDate "2020.05.31"]
[SourceVersion "1"]
[SourceVersionDate "2020.05.31"]
[SourceQuality "1"]

1. d4 Nf6 2. Bg5 c5 3. d5 e6 4. e4 h6 5. Bxf6 Qxf6 6. Nc3 Na6 7. Bxa6 bxa6 8. Nf3 e5 9. 0-0 d6 10. Nd2 Be7 11. Nc4 g5 12. Qh5 0-0 13. Qe2 g4 14. f3 Qg6 15. Ne3 g3 16. hxg3 Qxg3 17. Nf5 Bxf5 18. exf5 Rab8 19. b3 c4 20. Ne4 Qf4 21. Qd2 Qxf5 22. Qxh6 f6 23. g4 Qh7 24. Qxh7+ Kxh7 25. Ng3 Rfc8 26. Nf5 Bf8 27. Rf2 Rc5 28. Rd2 Rbb5 29. a4 Rb4 30. bxc4 Rcxc4 31. Kg2 Rxa4 32. Rh1+ Kg8 33. Kg3 Rc7 34. Rdh2 Bg7 35. Nxd6 Rd4 36. Ne8 Re7 37. Nxg7 Rxg7 38. Rh8+ Kf7 39. Rd8 f5 40. Rb1 Kg6 41. d6 fxg4 42. fxg4 Kf6 43. d7 Rgxg4+ 44. Kh3 Rh4+ 45. Kg3 Ke7 46. Ra8 Rhg4+ 47. Kh3 Rh4+ 48. Kg3 Rhg4+ 1/2-1/2

[Event "Ankara Ipek Memorial 8th"]
[Site "Ankara"]
[Date "2020.03.05"]
[Round "2"]
[White "Bayramiclilar, Yusuf Ruzgar"]
[Black "Caberoglu, Arda"]
[Result "0-1"]
[WhiteElo "1435"]
[BlackElo "1784"]
[PlyCount "84"]
[EventDate "2020.03.04"]
[EventType "swiss"]
[EventRounds "7"]
[EventCountry "TUR"]
[SourceTitle "CBM 195 Extra"]
[Source "ChessBase"]
[SourceDate "2020.05.31"]
[SourceVersion "1"]
[SourceVersionDate "2020.05.31"]
[SourceQuality "1"]

1. d4 Nf6 2. c4 e6 3. Nf3 Bb4+ 4. Bd2 Qe7 5. a3 Bxd2+ 6. Qxd2 b6 7. Nc3 Bb7 8. e3 0-0 9. Be2 d6 10. 0-0 Nbd7 11. Rfd1 Ne4 12. Qc2 f5 13. Nd2 Nxd2 14. Rxd2 Qg5 15. Bf1 f4 16. e4 Nf6 17. f3 c6 18. d5 cxd5 19. exd5 exd5 20. cxd5 Rac8 21. Qa4 Kh8 22. Qxa7 Bxd5 23. Nxd5 Nxd5 24. Qb7 Ne3 25. Qxb6 d5 26. a4 Rf6 27. Qb7 Rfc6 28. a5 h5 29. Qb5 Rc1 30. Rxc1 Rxc1 31. Rf2 Rxf1+ 32. Qxf1 Nxf1 33. Rxf1 Qe5 34. Rb1 d4 35. b4 d3 36. b5 d2 37. Kf1 Qc3 38. Kf2 Qe3+ 39. Kf1 Qd3+ 40. Kf2 Qxb1 41. a6 d1Q 42. a7 Qe1# 0-1

[Event "TUR Cup"]
[Site "Antalya"]
[Date "2020.02.01"]
[Round "10"]
[White "Koc, Ilkay"]
[Black "Caberoglu, Arda"]
[Result "1-0"]
[WhiteElo "2007"]
[BlackElo "1893"]
[PlyCount "147"]
[EventDate "2020.01.26"]
[EventType "swiss"]
[EventRounds "11"]
[EventCountry "TUR"]
[SourceTitle "CBM 194 Extra"]
[Source "ChessBase"]
[SourceDate "2020.03.31"]
[SourceVersion "1"]
[SourceVersionDate "2020.03.31"]
[SourceQuality "1"]

1. Nf3 d5 2. d4 Nf6 3. c4 c6 4. e3 Bg4 5. Qb3 Qb6 6. Nc3 e6 7. Nh4 Be7 8. h3 Bh5 9. g4 Bg6 10. Nxg6 hxg6 11. Bg2 Na6 12. cxd5 Qxb3 13. axb3 exd5 14. Bd2 Nb4 15. Ke2 0-0 16. g5 Nh5 17. Ra4 Rfe8 18. Rha1 a6 19. Nd1 Nc2 20. Rc1 b5 21. Ra2 Nb4 22. Bxb4 Bxb4 23. Rxc6 Nf4+ 24. Kf1 Nxg2 25. Kxg2 Re6 26. Rc7 Kf8 27. Ra1 Re7 28. Rac1 Rxc7 29. Rxc7 Ke8 30. Kf3 Bd6 31. Rb7 b4 32. e4 dxe4+ 33. Kxe4 Rc8 34. Ne3 Rc1 35. Nc4 Re1+ 36. Kf3 Bh2 37. Rxb4 Rd1 38. Ke3 Re1+ 39. Kf3 Rd1 40. Ke4 Rg1 41. d5 Rxg5 42. Rb6 Rh5 43. Rxa6 Rh4+ 44. Kf3 Rd4 45. d6 Kd7 46. Ke3 Rd1 47. f4 f6 48. Ra7+ Ke6 49. Ke4 f5+ 50. Kf3 Rd3+ 51. Ke2 Rd4 52. Rxg7 Bxf4 53. Rxg6+ Kf7 54. Rg1 Bxd6 55. Rd1 Rxd1 56. Kxd1 Bb4 57. Ke2 Kg6 58. Kf3 Bc5 59. Ne3 Kg5 60. Nd5 Bd4 61. Nc3 Bc5 62. Nd1 Bd6 63. Nf2 Kh4 64. Kg2 Be5 65. Nd3 Bd4 66. b4 Bf6 67. b5 Bd4 68. b3 Be3 69. Ne5 Kg5 70. Nd7 Kf4 71. b6 Bd4 72. b7 Ba7 73. b4 Ke3 74. Kf1 1-0

[Event "TUR Cup"]
[Site "Antalya"]
[Date "2020.01.30"]
[Round "7"]
[White "Caberoglu, Arda"]
[Black "Hazinedaroglu, Gokay"]
[Result "1-0"]
[WhiteElo "1893"]
[BlackElo "1510"]
[PlyCount "59"]
[EventDate "2020.01.26"]
[EventType "swiss"]
[EventRounds "11"]
[EventCountry "TUR"]
[SourceTitle "CBM 194 Extra"]
[Source "ChessBase"]
[SourceDate "2020.03.31"]
[SourceVersion "1"]
[SourceVersionDate "2020.03.31"]
[SourceQuality "1"]

1. e4 c6 2. Nc3 d5 3. Nf3 dxe4 4. Nxe4 Bg4 5. h3 Bxf3 6. Qxf3 e6 7. Be2 Nd7 8. 0-0 Ngf6 9. d3 Nxe4 10. dxe4 Bd6 11. Rd1 Qc7 12. b4 Bxb4 13. Rb1 Be7 14. Ba3 Nb6 15. Bb2 e5 16. Qg3 Bf6 17. Ba3 h5 18. Bd6 h4 19. Qb3 Qd8 20. Bg4 Rc8 21. a4 Rc7 22. Bxc7 Qxc7 23. a5 Nc8 24. Bd7+ Ke7 25. Qxb7 Qxb7 26. Rxb7 Nd6 27. Rxa7 Nb5 28. Rb7 Nd6 29. Rc7 Nb5 30. Rc8 1-0

[Event "TUR Cup"]
[Site "Antalya"]
[Date "2020.01.30"]
[Round "8"]
[White "Kirilmaz, Emre"]
[Black "Caberoglu, Arda"]
[Result "1-0"]
[WhiteElo "2068"]
[BlackElo "1893"]
[PlyCount "113"]
[EventDate "2020.01.26"]
[EventType "swiss"]
[EventRounds "11"]
[EventCountry "TUR"]
[SourceTitle "CBM 194 Extra"]
[Source "ChessBase"]
[SourceDate "2020.03.31"]
[SourceVersion "1"]
[SourceVersionDate "2020.03.31"]
[SourceQuality "1"]

1. d4 d5 2. c3 c6 3. Bg5 Bf5 4. Nd2 h6 5. Bh4 Qb6 6. Qb3 Nd7 7. f3 Ngf6 8. 0-0-0 Qxb3 9. Nxb3 a5 10. g4 Bg6 11. Nd2 e6 12. Nh3 c5 13. e3 cxd4 14. exd4 Rc8 15. Re1 Bd6 16. Bb5 0-0 17. Bg3 Bxg3 18. hxg3 Rfe8 19. Rh2 e5 20. Rhe2 e4 21. Nf4 Re7 22. Nxg6 fxg6 23. fxe4 dxe4 24. g5 hxg5 25. Nc4 g4 26. Nd6 Rc7 27. Bc4+ Kh7 28. Bb3 Nh5 29. Rxe4 Rxe4 30. Nxe4 Ndf6 31. Kd2 Nxe4+ 32. Rxe4 Nxg3 33. Rxg4 Nf5 34. d5 Kh6 35. c4 b6 36. Bd1 Re7 37. a3 g5 38. Rg1 g6 39. b4 axb4 40. axb4 Re4 41. Be2 b5 42. Bd3 Rf4 43. cxb5 Rd4 44. Kc3 Rxd5 45. Ra1 Rd8 46. Be4 Nd6 47. Bc6 Rb8 48. Ra5 g4 49. Kd4 g3 50. Kc5 Nb7+ 51. Bxb7 Rxb7 52. b6 g2 53. Ra1 Rf7 54. Rg1 Rf2 55. b7 Rf8 56. Rxg2 g5 57. Kb6 1-0

[Event "TUR Cup"]
[Site "Antalya"]
[Date "2020.01.27"]
[Round "3"]
[White "Caberoglu, Arda"]
[Black "Korkmaz, Necmettin"]
[Result "1/2-1/2"]
[WhiteElo "1893"]
[BlackElo "2157"]
[PlyCount "131"]
[EventDate "2020.01.26"]
[EventType "swiss"]
[EventRounds "11"]
[EventCountry "TUR"]
[SourceTitle "CBM 194 Extra"]
[Source "ChessBase"]
[SourceDate "2020.03.31"]
[SourceVersion "1"]
[SourceVersionDate "2020.03.31"]
[SourceQuality "1"]

1. d4 d5 2. Nf3 Nf6 3. g3 Bf5 4. Bg2 h6 5. 0-0 e6 6. c4 c6 7. Nc3 Be7 8. Qb3 Qb6 9. c5 Qa6 10. Re1 b6 11. cxb6 axb6 12. h3 Bh7 13. g4 Ne4 14. Nxe4 Bxe4 15. Ne5 Bxg2 16. Kxg2 0-0 17. Bf4 c5 18. e3 c4 19. Qc2 b5 20. h4 Nc6 21. g5 Nxe5 22. Bxe5 f6 23. Bf4 fxg5 24. hxg5 hxg5 25. Be5 Rf5 26. e4 dxe4 27. Qxe4 Rd8 28. Bg3 Bf6 29. Qxe6+ Qxe6 30. Rxe6 Rxd4 31. Re2 b4 32. a4 Rdd5 33. Bc7 Rc5 34. Bd6 c3 35. Bxc5 cxb2 36. Rb1 Rxc5 37. Rexb2 Bxb2 38. Rxb2 Rc4 39. a5 Rc5 40. a6 Ra5 41. Rxb4 Rxa6 42. Rb5 Rg6 43. Kg3 Kh7 44. Kg4 Kh6 45. Ra5 Rf6 46. Rxg5 Rxf2 47. Ra5 Rg2+ 48. Kh3 Rg1 49. Rb5 Rg5 50. Rb6+ Kh5 51. Rb8 Ra5 52. Rb3 Ra4 53. Rb5+ g5 54. Rb3 Rh4+ 55. Kg3 Rh1 56. Kg2 Ra1 57. Kg3 Rg1+ 58. Kh2 Rg4 59. Kh3 Ra4 60. Kg3 Ra5 61. Rc3 g4 62. Rb3 Rf5 63. Ra3 Kg5 64. Rb3 Rf3+ 65. Rxf3 gxf3 66. Kxf3 1/2-1/2

[Event "TUR-chT 2nd League"]
[Site "Konya"]
[Date "2019.07.28"]
[Round "9.4"]
[White "Caberoglu, Arda"]
[Black "Yakar, Ozan Tuna"]
[Result "1-0"]
[WhiteElo "1885"]
[BlackElo "1817"]
[PlyCount "90"]
[EventDate "2019.07.22"]
[EventType "team-swiss"]
[EventRounds "9"]
[EventCountry "TUR"]
[SourceTitle "CBM 191 Extra"]
[Source "ChessBase"]
[SourceDate "2019.09.30"]
[SourceVersion "1"]
[SourceVersionDate "2019.09.30"]
[SourceQuality "1"]
[WhiteTeam "Apaydin Satranc Spor"]
[BlackTeam "Mugla Ortaca Belediye"]
[WhiteTeamCountry "TUR"]
[BlackTeamCountry "TUR"]

1. e4 c5 2. Nf3 d6 3. Bb5+ Bd7 4. Bxd7+ Nxd7 5. 0-0 Ngf6 6. Qe2 Rc8 7. b3 g6 8. Bb2 Bg7 9. c4 0-0 10. Nc3 Ng4 11. d3 Nge5 12. Kh1 Nxf3 13. Qxf3 Ne5 14. Qe2 Nc6 15. Qd2 Qa5 16. Rfd1 a6 17. Nd5 Qxd2 18. Rxd2 b5 19. cxb5 axb5 20. a4 bxa4 21. bxa4 Ra8 22. Bxg7 Kxg7 23. Rb2 Rfb8 24. Rxb8 Rxb8 25. g3 Ra8 26. Kg2 Ra7 27. Kf3 Nd4+ 28. Kf4 e6 29. Nb6 Kf6 30. Ra2 Ra6 31. Rb2 Nc6 32. Nd7+ Ke7 33. Rb7 Ra7 34. Nxc5+ Rxb7 35. Nxb7 Kd7 36. a5 Kc7 37. a6 f6 38. Ke3 d5 39. exd5 exd5 40. Nc5 Kd6 41. d4 Na7 42. h4 Nb5 43. h5 gxh5 44. Kf4 Ke7 45. Ke3 Kd6 1-0

[Event "Paracin Summer op-B 12th"]
[Site "Paracin"]
[Date "2019.07.09"]
[Round "6"]
[White "Caberoglu, Arda"]
[Black "Zlatanovic, Zoran"]
[Result "1/2-1/2"]
[WhiteElo "1885"]
[BlackElo "2052"]
[PlyCount "44"]
[EventDate "2019.07.05"]
[EventType "swiss"]
[EventRounds "9"]
[EventCountry "SRB"]
[SourceTitle "EXT 2020"]
[Source "ChessBase"]
[SourceDate "2019.10.17"]
[SourceVersion "1"]
[SourceVersionDate "2019.10.17"]
[SourceQuality "1"]

1. e4 c5 2. Nf3 Nc6 3. Bb5 Na5 4. d4 a6 5. Be2 cxd4 6. Nxd4 d6 7. 0-0 Nf6 8. Nc3 e6 9. f4 Qc7 10. Kh1 Be7 11. e5 dxe5 12. fxe5 Qxe5 13. Bf4 Qc5 14. Na4 Qa7 15. Bc7 b5 16. Bxa5 bxa4 17. Bf3 Bb7 18. Nc6 Qc5 19. Bb4 Qb6 20. Ba5 Qc5 21. Bb4 Qb6 22. Ba5 Qc5 1/2-1/2

[Event "Paracin Summer op-B 12th"]
[Site "Paracin"]
[Date "2019.07.08"]
[Round "4"]
[White "Caberoglu, Arda"]
[Black "Kuzmanovic, Slobodan"]
[Result "1/2-1/2"]
[WhiteElo "1885"]
[BlackElo "2066"]
[PlyCount "38"]
[EventDate "2019.07.05"]
[EventType "swiss"]
[EventRounds "9"]
[EventCountry "SRB"]
[SourceTitle "EXT 2020"]
[Source "ChessBase"]
[SourceDate "2019.10.17"]
[SourceVersion "1"]
[SourceVersionDate "2019.10.17"]
[SourceQuality "1"]

1. e4 e5 2. Nf3 Nc6 3. Bc4 Nf6 4. d3 h6 5. c3 d6 6. Nbd2 g6 7. 0-0 Bg7 8. d4 0-0 9. dxe5 Nxe5 10. Nxe5 dxe5 11. Qb3 Nh5 12. Nf3 Qf6 13. Be3 Nf4 14. Ne1 b6 15. f3 Bd7 16. a4 Rfd8 17. Qc2 Bf8 18. Nd3 Nxd3 19. Bxd3 Bc5 1/2-1/2

[Event "Paracin Summer op-B 12th"]
[Site "Paracin"]
[Date "2019.07.06"]
[Round "3"]
[White "Kodric, Tilen"]
[Black "Caberoglu, Arda"]
[Result "1/2-1/2"]
[WhiteElo "2093"]
[BlackElo "1885"]
[PlyCount "28"]
[EventDate "2019.07.05"]
[EventType "swiss"]
[EventRounds "9"]
[EventCountry "SRB"]
[SourceTitle "EXT 2020"]
[Source "ChessBase"]
[SourceDate "2019.10.17"]
[SourceVersion "1"]
[SourceVersionDate "2019.10.17"]
[SourceQuality "1"]

1. Nf3 d5 2. g3 Nf6 3. Bg2 g6 4. 0-0 Bg7 5. d4 0-0 6. c4 c6 7. Nc3 dxc4 8. e4 Bg4 9. h3 Bxf3 10. Bxf3 Na6 11. Be3 Nc7 12. b3 Nb5 13. Nxb5 cxb5 14. bxc4 bxc4 1/2-1/2

[Event "Paracin Summer op-A 11th"]
[Site "Paracin"]
[Date "2018.07.13"]
[Round "9"]
[White "Caberoglu, Arda"]
[Black "Milanovic, Maja"]
[Result "1-0"]
[WhiteElo "1869"]
[BlackElo "1955"]
[PlyCount "29"]
[EventDate "2018.07.06"]
[EventType "swiss"]
[EventRounds "9"]
[EventCountry "SRB"]
[SourceTitle "EXT 2019"]
[Source "ChessBase"]
[SourceDate "2018.10.10"]
[SourceVersion "1"]
[SourceVersionDate "2018.10.10"]
[SourceQuality "1"]

1. e4 c5 2. Nf3 e6 3. b3 b6 4. d4 cxd4 5. Nxd4 Bb7 6. Nb5 a6 7. Nd6+ Bxd6 8. Qxd6 Bxe4 9. Ba3 Nf6 10. Nd2 Bb7 11. Nc4 b5 12. Qf8+ Rxf8 13. Nd6+ Ke7 14. Nf5+ Ke8 15. Nxg7# 1-0

[Event "Paracin Summer op-A 11th"]
[Site "Paracin"]
[Date "2018.07.11"]
[Round "7"]
[White "Petrovic, Zoran Z"]
[Black "Caberoglu, Arda"]
[Result "1/2-1/2"]
[WhiteElo "2025"]
[BlackElo "1869"]
[PlyCount "92"]
[EventDate "2018.07.06"]
[EventType "swiss"]
[EventRounds "9"]
[EventCountry "SRB"]
[SourceTitle "EXT 2019"]
[Source "ChessBase"]
[SourceDate "2018.10.10"]
[SourceVersion "1"]
[SourceVersionDate "2018.10.10"]
[SourceQuality "1"]

1. d4 Nf6 2. c4 e6 3. g3 Bb4+ 4. Bd2 Qe7 5. a3 Bxd2+ 6. Nxd2 0-0 7. Bg2 d6 8. e4 e5 9. d5 c6 10. dxc6 Nxc6 11. Ne2 Bg4 12. f3 Be6 13. 0-0 a6 14. Rc1 Rac8 15. Qb3 b5 16. Qd3 Qa7+ 17. Kh1 Qb6 18. b4 Rfd8 19. h3 bxc4 20. Nxc4 Bxc4 21. Qxc4 Ne7 22. Qd3 d5 23. Rxc8 Rxc8 24. Nc3 dxe4 25. fxe4 Nc6 26. Nd5 Nxd5 27. Qxd5 Qb7 28. Rc1 Kh8 29. Bf1 f6 30. Qe6 h6 31. a4 Ne7 32. Rxc8+ Nxc8 33. Qxa6 Qxe4+ 34. Bg2 Qe1+ 35. Kh2 Ne7 36. Qa8+ Kh7 37. Qe4+ Qxe4 38. Bxe4+ f5 39. Bb7 e4 40. a5 g5 41. a6 e3 42. Kg2 f4 43. Be4+ Kg7 44. gxf4 Nc8 45. fxg5 hxg5 46. a7 Nxa7 1/2-1/2

[Event "Paracin Summer op-A 11th"]
[Site "Paracin"]
[Date "2018.07.10"]
[Round "6"]
[White "Caberoglu, Arda"]
[Black "Sultan, Ibrahim"]
[Result "0-1"]
[WhiteElo "1869"]
[BlackElo "2126"]
[PlyCount "70"]
[EventDate "2018.07.06"]
[EventType "swiss"]
[EventRounds "9"]
[EventCountry "SRB"]
[SourceTitle "EXT 2019"]
[Source "ChessBase"]
[SourceDate "2018.10.10"]
[SourceVersion "1"]
[SourceVersionDate "2018.10.10"]
[SourceQuality "1"]

1. e4 e6 2. d4 d5 3. Nd2 Nf6 4. e5 Nfd7 5. Bd3 c5 6. c3 Nc6 7. Ngf3 cxd4 8. cxd4 Qb6 9. 0-0 Nxd4 10. Nxd4 Qxd4 11. Nf3 Qb6 12. Qa4 Qb4 13. Qc2 h6 14. Be3 Nc5 15. Nd4 Nxd3 16. Qxd3 Bd7 17. Rac1 Be7 18. f4 g6 19. g4 Qxb2 20. Rf2 Qa3 21. Rc3 Qa6 22. Qc2 Bb4 23. Rc7 Ba5 24. Rxd7 Kxd7 25. f5 gxf5 26. gxf5 Rhg8+ 27. Kh1 Qc4 28. fxe6+ fxe6 29. Qb1 Bb6 30. Rc2 Qa4 31. Qf1 Rgf8 32. Qd1 Qa6 33. Re2 Bxd4 34. Bxd4 Rg8 35. Qe1 Qd3 0-1

[Event "Paracin Summer op-A 11th"]
[Site "Paracin"]
[Date "2018.07.10"]
[Round "5"]
[White "Zlatanovic, Zoran"]
[Black "Caberoglu, Arda"]
[Result "1/2-1/2"]
[WhiteElo "2108"]
[BlackElo "1869"]
[PlyCount "47"]
[EventDate "2018.07.06"]
[EventType "swiss"]
[EventRounds "9"]
[EventCountry "SRB"]
[SourceTitle "EXT 2019"]
[Source "ChessBase"]
[SourceDate "2018.10.10"]
[SourceVersion "1"]
[SourceVersionDate "2018.10.10"]
[SourceQuality "1"]

1. e4 c6 2. d3 d5 3. Nd2 e5 4. Ngf3 Bd6 5. g3 Nf6 6. Bg2 0-0 7. 0-0 Re8 8. c3 Nbd7 9. Nh4 Nc5 10. Qc2 Qc7 11. b4 Ncd7 12. a3 a5 13. Rb1 Nf8 14. c4 dxc4 15. dxc4 c5 16. b5 b6 17. Nf5 Ne6 18. Ne3 Nd4 19. Qd3 Be6 20. Nd5 Qd8 21. a4 Nd7 22. f4 f6 23. f5 Bxd5 24. exd5 1/2-1/2

[Event "Paracin Summer op-A 11th"]
[Site "Paracin"]
[Date "2018.07.09"]
[Round "4"]
[White "Caberoglu, Arda"]
[Black "Peycheva, Gergana"]
[Result "0-1"]
[WhiteElo "1869"]
[BlackElo "2157"]
[PlyCount "49"]
[EventDate "2018.07.06"]
[EventType "swiss"]
[EventRounds "9"]
[EventCountry "SRB"]
[SourceTitle "CBM 185 Extra"]
[Source "ChessBase"]
[SourceDate "2018.07.29"]
[SourceVersion "1"]
[SourceVersionDate "2018.07.29"]
[SourceQuality "1"]

1. e4 c5 2. Nf3 e6 3. b3 b6 4. d4 cxd4 5. Nxd4 Bb7 6. Nb5 d5 7. Bf4 Qf6 8. Nc7+ Kd8 9. Nxa8 Qxf4 10. Nd2 Bb4 11. Nxb6 axb6 12. Qe2 Bxd2+ 13. Qxd2 Qxe4+ 14. Be2 Qxg2 15. 0-0-0 Nf6 16. Rhg1 Qxh2 17. Rxg7 Qe5 18. Qd4 Qxd4 19. Rxd4 Ke7 20. Rb4 Nbd7 21. a4 Ba8 22. Rf4 h5 23. Bb5 Ne8 24. Rg3 h4 25. Rh3 0-1

[Event "TUR Cup										"]
[Site "Antalya"]
[Date "2018.01.31"]
[Round "7"]
[White "Caberoglu, Arda"]
[Black "Ozsarilar, Osman Nuri"]
[Result "1-0"]
[WhiteElo "2077"]
[BlackElo "1833"]
[PlyCount "71"]
[EventDate "2018.01.27"]
[EventType "swiss"]
[EventRounds "11"]
[EventCountry "TUR"]
[SourceTitle "CBM 182 Extra"]
[Source "ChessBase"]
[SourceDate "2018.02.23"]
[SourceVersion "1"]
[SourceVersionDate "2018.02.23"]
[SourceQuality "1"]

1. e4 c5 2. Nf3 d6 3. Bb5+ Bd7 4. Bxd7+ Qxd7 5. c4 Nc6 6. Nc3 e6 7. d4 cxd4 8. Nxd4 Nf6 9. 0-0 Be7 10. Be3 Ne5 11. b3 Neg4 12. Bc1 Rd8 13. h3 Ne5 14. f4 Nc6 15. Ba3 0-0 16. Re1 Nxd4 17. Qxd4 Nh5 18. Qe3 Qc7 19. Qf3 Qa5 20. Bb2 Bh4 21. Re3 Bf6 22. Kh1 g6 23. Rae1 Bh4 24. Rd1 Ng3+ 25. Kh2 Qc7 26. Qg4 Qe7 27. Rxg3 Bxg3+ 28. Qxg3 a6 29. f5 exf5 30. Nd5 Qe6 31. Nf6+ Kg7 32. Qh4 h6 33. Ng4+ f6 34. Qxh6+ Kg8 35. Qxg6+ Kh8 36. Nxf6 1-0

[Event "TUR Cup										"]
[Site "Antalya"]
[Date "2018.01.28"]
[Round "2"]
[White "Akkok, Durdu"]
[Black "Caberoglu, Arda"]
[Result "1-0"]
[WhiteElo "1752"]
[BlackElo "2077"]
[PlyCount "61"]
[EventDate "2018.01.27"]
[EventType "swiss"]
[EventRounds "11"]
[EventCountry "TUR"]
[SourceTitle "CBM 182 Extra"]
[Source "ChessBase"]
[SourceDate "2018.02.23"]
[SourceVersion "1"]
[SourceVersionDate "2018.02.23"]
[SourceQuality "1"]

1. e4 e5 2. Nf3 Nc6 3. Nc3 Nf6 4. Bb5 Bb4 5. 0-0 0-0 6. Re1 d6 7. h3 a6 8. Bc4 h6 9. Nd5 b5 10. Nxf6+ Qxf6 11. Bd5 Bd7 12. c3 Ba5 13. b4 Bb6 14. a4 Rae8 15. axb5 axb5 16. Qe2 Ne7 17. d3 Nxd5 18. exd5 Qd8 19. Be3 Bxe3 20. fxe3 f5 21. Nh2 g5 22. e4 f4 23. Qh5 Kh7 24. Rf1 Rg8 25. Ng4 Bxg4 26. hxg4 Ref8 27. Rf3 Qf6 28. Ra7 Qd8 29. Rb7 Qd7 30. c4 Rb8 31. Rh3 1-0

[Event "Veliko Gradiste Silver Lake op-B"]
[Site "Veliko Gradiste"]
[Date "2017.06.20"]
[Round "4"]
[White "Caberoglu, Arda"]
[Black "Simic, Petar S"]
[Result "1/2-1/2"]
[WhiteElo "1853"]
[BlackElo "2069"]
[PlyCount "107"]
[EventDate "2017.06.18"]
[EventType "swiss"]
[EventRounds "9"]
[EventCountry "SRB"]
[SourceTitle "CBM 179 Extra"]
[Source "ChessBase"]
[SourceDate "2017.08.23"]
[SourceVersion "1"]
[SourceVersionDate "2017.08.23"]
[SourceQuality "1"]

1. e4 c5 2. Nf3 Nc6 3. Bb5 Nf6 4. e5 Nd5 5. Nc3 Nc7 6. Bxc6 dxc6 7. 0-0 h6 8. d3 Bf5 9. Be3 b6 10. Nh4 Bh7 11. f4 Nd5 12. Qf3 e6 13. Nxd5 Qxd5 14. f5 Qxf3 15. Rxf3 Be7 16. f6 Bxf6 17. exf6 g5 18. Rh3 gxh4 19. Rxh4 0-0-0 20. Rxh6 Bf5 21. Rxh8 Rxh8 22. h3 Rg8 23. Kh2 Rh8 24. Rg1 Rd8 25. g4 Bh7 26. Rg2 e5 27. Rd2 e4 28. dxe4 Rxd2+ 29. Bxd2 Bxe4 30. c3 Kd7 31. Kg3 Ke6 32. g5 Kf5 33. h4 Kg6 34. Kf4 Bb1 35. a3 c4 36. Ke5 b5 37. Kd6 Be4 38. Kc7 a5 39. a4 bxa4 40. Kb6 Kh5 41. Be1 Bd5 42. Kxa5 Kg6 43. Kxa4 Kh5 44. Kb4 Kg6 45. Kc5 Kh5 46. Kd6 Kg6 47. Ke7 Bf3 48. Kf8 Bh5 49. Ke7 Bf3 50. Bf2 Bh5 51. Kd6 Bf3 52. Ke5 Bd5 53. Kf4 Be6 54. Be1 1/2-1/2

[Event "TUR-chT2"]
[Site "Konya"]
[Date "2016.07.19"]
[Round "5.11"]
[White "Caberoglu, Arda"]
[Black "Cosgun, Emin"]
[Result "1-0"]
[WhiteElo "1778"]
[BlackElo "1485"]
[PlyCount "101"]
[EventDate "2016.07.17"]
[EventType "team-swiss"]
[EventRounds "9"]
[EventCountry "TUR"]
[SourceTitle "CBM 173 Extra"]
[Source "ChessBase"]
[SourceDate "2016.08.29"]
[SourceVersion "1"]
[SourceVersionDate "2016.08.29"]
[SourceQuality "1"]
[WhiteTeam "Ankara Orta Dogu"]
[BlackTeam "Antalya Calli"]
[WhiteTeamCountry "TUR"]
[BlackTeamCountry "TUR"]

1. e4 c5 2. Nf3 Nc6 3. Bb5 g6 4. d3 Bg7 5. Nc3 e6 6. 0-0 Nge7 7. Be3 d6 8. Qd2 0-0 9. Bh6 a6 10. Bxc6 bxc6 11. Bxg7 Kxg7 12. e5 d5 13. Na4 Rb8 14. Nxc5 Qb6 15. Na4 Qb4 16. Qxb4 Rxb4 17. b3 Nf5 18. Nc5 Rb5 19. Na4 Bd7 20. c4 Rb7 21. Nc5 Ra7 22. b4 Rb8 23. Rfb1 Be8 24. a4 h5 25. g3 Kh6 26. h4 Kg7 27. Kf1 Kf8 28. Ke2 Ke7 29. Kd2 Kd8 30. Kc3 Nh6 31. Nd4 Ng4 32. f4 Ne3 33. Re1 Nf5 34. Nxf5 gxf5 35. Reb1 Ke7 36. Ra2 Bd7 37. Rg2 Rb6 38. Nxd7 Kxd7 39. Rgb2 Ra8 40. b5 axb5 41. axb5 Rab8 42. bxc6+ Kxc6 43. Rxb6+ Rxb6 44. Rxb6+ Kxb6 45. Kb4 Kc6 46. c5 Kc7 47. Kb5 Kb7 48. c6+ Kc7 49. Kc5 d4 50. Kb5 Kc8 51. Kb6 1-0

[Event "TUR-chT2"]
[Site "Konya"]
[Date "2016.07.17"]
[Round "1.7"]
[White "Kitir, Ahmet"]
[Black "Caberoglu, Arda"]
[Result "1-0"]
[WhiteElo "1950"]
[BlackElo "1778"]
[PlyCount "52"]
[EventDate "2016.07.17"]
[EventType "team-swiss"]
[EventRounds "9"]
[EventCountry "TUR"]
[SourceTitle "CBM 173 Extra"]
[Source "ChessBase"]
[SourceDate "2016.08.29"]
[SourceVersion "1"]
[SourceVersionDate "2016.08.29"]
[SourceQuality "1"]
[WhiteTeam "Istanbul Darussafaka"]
[BlackTeam "Ankara Orta Dogu"]
[WhiteTeamCountry "TUR"]
[BlackTeamCountry "TUR"]

1. e4 e5 2. Nf3 Nc6 3. Bc4 Bc5 4. c3 Nf6 5. d3 d6 6. 0-0 a6 7. Bb3 Ba7 8. Nbd2 0-0 9. h3 h6 10. Re1 Nh5 11. Nf1 Qf6 12. Be3 Bxe3 13. fxe3 Qg6 14. Kh2 Be6 15. g4 Nf6 16. Nh4 Qg5 17. Nf5 g6 18. Bxe6 fxe6 19. h4 Nxg4+ 20. Qxg4 exf5 21. hxg5 fxg4 22. gxh6 Rf2+ 23. Kg3 Raf8 24. Nh2 Kh7 25. Nxg4 R8f3+ 26. Kh4 Rg2 1-0

[Event "EU School-ch U11"]
[Site "Kallithea"]
[Date "2016.06.21"]
[Round "5"]
[White "Caberoglu, Arda"]
[Black "Suleymanli, Aydin Elshan"]
[Result "1/2-1/2"]
[WhiteElo "1657"]
[BlackElo "2089"]
[PlyCount "59"]
[EventDate "2016.06.17"]
[EventType "swiss"]
[EventRounds "9"]
[EventCountry "GRE"]
[SourceTitle "EXT 2017"]
[Source "ChessBase"]
[SourceDate "2016.10.25"]
[SourceVersion "1"]
[SourceVersionDate "2016.10.25"]
[SourceQuality "1"]

1. e4 e6 2. d4 d5 3. Nc3 Nf6 4. Bg5 Be7 5. e5 Nfd7 6. Bxe7 Qxe7 7. f4 Nc6 8. Nf3 Nb6 9. Qd2 Bd7 10. Bd3 0-0-0 11. 0-0 f6 12. b3 Kb8 13. a4 Qb4 14. Bb5 Rhf8 15. Bxc6 Bxc6 16. Qe3 Nc8 17. Na2 Qe7 18. Qc3 fxe5 19. fxe5 g5 20. Nb4 Be8 21. Nd2 Bg6 22. a5 a6 23. Nb1 Rxf1+ 24. Kxf1 Rf8+ 25. Kg1 Qf7 26. Nd2 Qf2+ 27. Kh1 Be4 28. Rg1 Rf4 29. Nxe4 dxe4 30. d5 1/2-1/2